000 00563nam a2200169 4500
001 120434
003 ES-MaACL
005 20230906191542.0
007 t|
008 070214s1972 sp r ||||1| spa d
100 1 _aPita Andrade, José Manuel.
_992394
245 1 0 _aVelázquez
_b: pintor esencial /
_cpor José Manuel Pita Andrade ; fotografía: Eleanor Domínguez Ramírez.
260 _aMadrid :
_bGrafiplás,
_c1972.
300 _a48 p., 15 lám., 32 lám. col. ;
_c16 cm.
700 1 _aDomínguez, Eleonor.
_945159
852 _aES-MaACL
_jC-43904
_bR.82638
999 _c120434
_d120434